000 01702cam a22004574i 4500
003 PE-LiUPU
005 20250731172937.0
008 150623s r 000 0 d
020 _a0851114539
035 _a(Sirsi) i9780851114538
040 _aPE-LiUPU
_bspa
_cPE-LiUPU
_erda
049 _aPRUA
082 0 4 _a220.63
_bD24
_221
245 0 0 _aDisciplining hermeneutics :
_binterpretation in christian perspective /
_ceditado por Roger Lundin.
264 1 _aMichigan :
_bWilliam B. Eerdmans Publishing Company,
_c1997.
300 _a177 páginas ;
_c23 centímetros
336 _atext
_2rdacontent
337 _aunmediated
_2rdamedia
338 _avolume
_2rdacarrier
504 _aBibliografía al pie de páginas.
505 0 _aThe speech of god: hermeneutics and the word.- The truth of the Matter: interpretation as art and science.- From suspicion to retrieval: hermeneutics and the human sciences.- Revelation and human understanding: general and special hermeneutics.
526 _aSEG42
526 _aSEG41
526 _aSEG40
526 _aSEG39
526 _aP94
526 _aP87
526 _aP86
526 _aP85
526 _aP77
526 _aP76
526 _aP35
650 0 4 _aHermenéutica bíblica.
700 1 _aLundin, Roger,
_eed.
942 _2ddc
_cBOOK
949 _a220.63 D24
_wDEWEY
_c1
_i44425
_lCCODEBUL1
_mBUL
_r0
_sY
_tBOOK
_u2015-6-24
_xTEOLOGIA
_PP35
_0COMPRA
_o.STAFF. Colección General
994 _aC0
_bPEPRU
596 _a1
999 _a220.63 D24
_wDEWEY
_c21302
_i44425
_f2021-11-9
_g5
_lCCODEBUL1
_mBUL
_r0
_sY
_tBOOK
_u2015-6-24
_xTEOLOGIA
_PP35
_0COMPRA
_o.STAFF. Colección General
_d21302
980 _81
_gALBERTO SANCHEZ Responsable de Automatización